秋刀魚的滋味
| 資料類型: | 圖書 | 書目號: | 53072 |
Leader xxxxxxxxxx 001 __ 102594/8/01 005 __ 20190417142323.301 010 0_ |a978-986-96777-8-3|b平裝|d新臺幣300元 042 __ |anbim 100 __ |a20190417d2019 k y0chiy50 e 101 0_ |achi 102 __ |atw 105 __ |ay z 000cy 200 1_ |a秋刀魚的滋味|f廖志峰著 205 __ |a初版 210 __ |a臺北市|c允晨文化|d2019[民108] 215 0_ |a318面|d21公分 225 12 |a生活美學|v1 700 _1 |a廖|b志峰|4著 681 __ |a855|b8536 801 _0 |atw|bLibDipper|c20190417|gCCR |